Famous People with Greek Names - Statistics

General Stats
  • This quiz has been taken 31 times
  • The average score is 9 of 15
Answer Stats
Hint Answer % Correct
26th President of the United States {Theodore} Roosevelt
96%
Ancient military commander whose empire reached from Greece to India {Alexander} the Great
89%
Leader of the 1917 October Revolution, alongside Vladimir Lenin {Leon} Trotsky
89%
Saint who inspired the Christmas tradition of Santa Claus Saint {Nicholas}
85%
Legendary Italian actress of the 1960s {Sophia} Loren
85%
The Duke of Edinburgh, the Greek-born husband of Queen Elizabeth II Prince {Philip}
81%
Shared a famous pottery scene with Patrick Swayze in "Ghost" {Demi} Moore
78%
Greek shipping magnate who married Jacqueline Kennedy {Aristotle} Onassis
63%
The highest-grossing film actor in history {Zoe} Saldaña
63%
American actress known for her roles in "Moonstruck" and "Steel Magnolias" {Olympia} Dukakis
48%
English author who wrote the Gothic novel "Rebecca" {Daphne} du Maurier
37%
Played Rory Gilmore on "The Gilmore Girls" {Alexis} Bledel
33%
Novelist who was the subject of a 2001 film starring Judi Dench {Iris} Murdoch
22%
1960s Oscar-nominated Greek actress turned politician {Melina} Mercouri
15%
One-named Mexican singer known as the "Queen of Latin Pop" {Thalía}
7%
No matching quizzes found
Score Distribution
Percent of People with Each Score
Percentile by Number Answered
Your Score History
You have not taken this quiz